सम्राट कृष्णदेव राय / (Record no. 114135)

MARC details
000 -LEADER
fixed length control field 01109nam a22002897a 4500
003 - CONTROL NUMBER IDENTIFIER
control field dpl
005 - DATE AND TIME OF LATEST TRANSACTION
control field 20181218145724.0
008 - FIXED-LENGTH DATA ELEMENTS--GENERAL INFORMATION
fixed length control field 181218b ||||| |||| 00| 0 eng d
010 ## - LIBRARY OF CONGRESS CONTROL NUMBER
LC control number B-066056
020 ## - INTERNATIONAL STANDARD BOOK NUMBER
Terms of availability 150.00
International Standard Book Number 8173153914
035 ## - SYSTEM CONTROL NUMBER
System control number B-066056
035 ## - SYSTEM CONTROL NUMBER
System control number B-78359
037 ## - SOURCE OF ACQUISITION
Source of stock number/acquisition Cen Lib/Ret
040 ## - CATALOGING SOURCE
Original cataloging agency DPL
Language of cataloging HN
Transcribing agency dpl
082 ## - DEWEY DECIMAL CLASSIFICATION NUMBER
Classification number
Item number कामत
100 ## - MAIN ENTRY--PERSONAL NAME
Personal name कामत, सूर्यनाथ
9 (RLIN) 55503
245 ## - TITLE STATEMENT
Title सम्राट कृष्णदेव राय /
Statement of responsibility, etc सूर्यनाथ कामत
246 ## - VARYING FORM OF TITLE
Title proper/short title Samraat krishndev raye /
Remainder of title by Sooryanath Kaamat
260 ## - PUBLICATION, DISTRIBUTION, ETC. (IMPRINT)
Place of publication, distribution, etc नई दिल्ली
Name of publisher, distributor, etc प्रभात प्रकाशन
Date of publication, distribution, etc 2002
270 ## - ADDRESS
Address ४/११, असफ अली रोड
City नई दिल्ली
Postal code 110002
300 ## - PHYSICAL DESCRIPTION
Extent 151पृ.
Dimensions 21सेमी(सजिल्द )
650 ## - SUBJECT ADDED ENTRY--TOPICAL TERM
Topical term or geographic name as entry element हिंदी साहित्य
General subdivision
Geographic subdivision
9 (RLIN) 55504
650 ## - SUBJECT ADDED ENTRY--TOPICAL TERM
Topical term or geographic name as entry element हिंदी उपन्यास
9 (RLIN) 55505
650 ## - SUBJECT ADDED ENTRY--TOPICAL TERM
Topical term or geographic name as entry element Hindi literature
Form subdivision
9 (RLIN) 55506
650 ## - SUBJECT ADDED ENTRY--TOPICAL TERM
Topical term or geographic name as entry element Hindi novels
9 (RLIN) 55507
942 ## - ADDED ENTRY ELEMENTS (KOHA)
Source of classification or shelving scheme Dewey Decimal Classification
Koha item type Hindi Books
Classification part
Call number suffix कामत
Holdings
Withdrawn status Lost status Damaged status Not for loan Home library Current library Date acquired Source of acquisition Cost, normal purchase price Total Checkouts Full call number Barcode Date last seen Copy number Cost, replacement price Price effective from Koha item type Public note Source of classification or shelving scheme Collection code Date checked out
Written off       Central Library Central Library 14/08/2015 Cen Lib/Ret 150.00   उ कामत B-066056 14/08/2015 1 150.00 14/08/2015 Hindi Books Written off on approval by DLB (By Circulation); dtd 20.12.2022      
        Sarojini Nagar Sarojini Nagar 18/12/2018 प्रभात प्रकाशन 150.00 2 उ कामत B-78359 07/08/2021   150.00 18/12/2018 Hindi Books   Dewey Decimal Classification Fiction 06/04/2021

© Delhi Public Library
Hit Counter
free hit counter